Phong trào Duy Tân /

Phong trào Duy Tân là một công trình sử học được viết nghiêm túc về một phong trào yêu nước có xu hướng chống Pháp đầu hế kỷ XX mà trung tâm của phong trào là Quảng Nam-Đà Nẵng, là tư liệu cần thiết giúp cho giới nghiên cứu tham khảo....

Descripción completa

Guardado en:
Detalles Bibliográficos
Autor principal: Nguyễn Văn Xuân.
Formato: Libro
Lenguaje:Vietnamese
Publicado: Tp.HCM : Nxb Đà Nẵng, 2000.
Materias:
Etiquetas: Agregar Etiqueta
Sin Etiquetas, Sea el primero en etiquetar este registro!
Thư viện lưu trữ: Mạng thư viện Đại học Đà Nẵng
LEADER 01141cam a2200349 i 4500
001 000042846
003 721
005 20030818192423.0
008 010301b2000 vm 000 vie
020 |c 25000 
040 |a IRC  |c IRC  |d IRC 
041 0 |a vie 
082 1 4 |a 959.70491  |b NG-X 
100 1 |a Nguyễn Văn Xuân. 
245 0 0 |a Phong trào Duy Tân /  |c Nguyễn Văn Xuân. 
260 |a Tp.HCM :  |b Nxb Đà Nẵng,  |c 2000. 
300 |a 307Tr. ;  |c 19cm. 
520 3 |a Phong trào Duy Tân là một công trình sử học được viết nghiêm túc về một phong trào yêu nước có xu hướng chống Pháp đầu hế kỷ XX mà trung tâm của phong trào là Quảng Nam-Đà Nẵng, là tư liệu cần thiết giúp cho giới nghiên cứu tham khảo. 
630 0 4 |a Lịch sử. 
630 0 4 |a Phong trào. 
630 0 4 |a Duy Tân. 
650 0 4 |a Duy Tân (Phong trào) 
OWN |a DUT 
999 |a From the UDN01 
TYP |a Monograph 
TYP |a Printed language 
980 |a Mạng thư viện Đại học Đà Nẵng